Stamps on terra sigillata found in excavations of the Theatre of Aptera, Crete /
Aptera yields more stamped fragments of terra sigillata than any other Cretan city, including Knossos. This book presents stamped fragments of Italian and eastern sigillata found in excavations of the Theatre of Aptera and examines Crete's strategic position amid crossroads of transit and excha...
المؤلف الرئيسي:
التنسيق: كتاب الكتروني
اللغة: English
منشور في:
Oxford :
Archaeopress Publishing Ltd.,
2019.
سلاسل:
Archaeopress Roman archaeology ;
54.
الموضوعات:
الوصول للمادة أونلاين: Login to view Source
الوسوم: إضافة وسم
رقم الطلب: DF221.C8
| LEADER | 01996nam a2200421 i 4500 | ||
|---|---|---|---|
| 001 | EDZ0002080142 | ||
| 003 | StDuBDS | ||
| 005 | 20230412182543.0 | ||
| 006 | m|||||o||d|||||||| | ||
| 007 | cr ||||||||||| | ||
| 008 | 190711s2019 enka fob 000|0|eng|d | ||
| 020 | |a 9781789692396 (PDF ebook) : |c No price | ||
| 040 | |a StDuBDS |b eng |c StDuBDS |e rda |e pn | ||
| 050 | 4 | |a DF221.C8 | |
| 082 | 0 | 4 | |a 939.18 |2 23 |
| 100 | 1 | |a Bowsky, Martha W. Baldwin, |e author. | |
| 245 | 1 | 0 | |a Stamps on terra sigillata found in excavations of the Theatre of Aptera, Crete / |c Martha W. Baldwin Bowsky. |
| 264 | 1 | |a Oxford : |b Archaeopress Publishing Ltd., |c 2019. | |
| 300 | |a 1 online resource (ii, 208 pages) : |b illustrations (colour). | ||
| 336 | |a text |2 rdacontent | ||
| 336 | |a still image |2 rdacontent | ||
| 337 | |a computer |2 rdamedia | ||
| 338 | |a online resource |2 rdacarrier | ||
| 490 | 1 | |a Archaeopress Roman archaeology ; |v 54 | |
| 504 | |a Includes bibliographical references. | ||
| 520 | 8 | |a Aptera yields more stamped fragments of terra sigillata than any other Cretan city, including Knossos. This book presents stamped fragments of Italian and eastern sigillata found in excavations of the Theatre of Aptera and examines Crete's strategic position amid crossroads of transit and exchange as well as integration into the Roman economy. | |
| 521 | |a Specialized. | ||
| 588 | |a Description based on online resource; title from PDF title page (viewed on 19 August, 2019). | ||
| 651 | 0 | |a Chania (Greece) |x Antiquities, Roman. | |
| 651 | 0 | |a Palaikastro Site (Greece) | |
| 650 | 0 | |a Pottery, Roman |z Greece |z Chania. | |
| 650 | 0 | |a Romans |z Greece |z Chania. | |
| 776 | 0 | 8 | |i Print version : |z 9781789692389 |
| 830 | 0 | |a Archaeopress Roman archaeology ; |v 54. | |
| 856 | 4 | 0 | |3 Archaeopress |u http://library.arce.org:8087/Archaeopress/Products/9781789692389 |
| 942 | |2 lcc |c EBOOK | ||
| 952 | |0 0 |1 0 |4 0 |6 DF0221 C8 |7 1 |9 46566 |a ARCH |b ARCH |d 2023-04-12 |l 0 |o DF221.C8 |r 2023-04-12 00:00:00 |w 2023-04-12 |y EBOOK | ||
| 999 | |c 52224 |d 52224 | ||
